00626nam a22002057a 450000500170000001000130001702000230003003500130005303700160006604000120008208200130009424500920010726000370019927000480023630000210028450000190030565000540032465000230037870000190040120170124110119.0 aB-128411 c450.00a8187496347 aB-128411 bCen Lib/Ret aDPLbEN a921bACR aAcross time and continents :cedited by Prakash Karatba tribute to Victor G. Kiernan / aNew Delhi bLeftWord Booksc2003 a12 Rajendra Prasad RoadbNew Delhi e110001 a255p. c22cm(Hb) aIncludes index aIndia -- History -- British occupation, 1765-1947 aCommunism -- India aKarat, Prakash